000 00922nam a2200253Ia 4500
003 OSt
005 20221005110954.0
006 a|||||r|||| 00| 0
007 ta
008 221004b |||||||| |||| 00| 0 hin d
020 _a9878183612173 (hbk)
_c200
024 _a94901
037 _b574, 23/03/2009, Vani Prakashan
_cTextual
040 _aCRL
_cCRL
_bhin
041 _2hin
_ahin
082 _aY72:4.2, 152P8
100 _aगुप्ता, रमणिका, संपा.
245 0 _aआदिवासी
_b विकास से विस्थापन
246 _aĀdivāsī: vikās se visthāpana
260 _aनई दिल्ली
_bराधाकृष्ण भारत
_c2008
300 _a155पृ0
_ccm.
942 _hY72:4.2, 152P8
_cTEXL
_2cc
999 _c1020431
_d1020431